| 000 | 00530cam a2200145 4500500 | ||
|---|---|---|---|
| 005 | 20260329001759.0 | ||
| 041 | _afre | ||
| 042 | _adc | ||
| 100 | 1 | 0 |
_aRivet de Sabatier, Philippe _eauthor |
| 245 | 0 | 0 | _aGrégoire Biasini y Karine Berger, Quand la France se détourne de la science, Odile Jacob, 2025, 224 páginas, 22,90 euros. |
| 260 | _c2026. | ||
| 500 | _a3 | ||
| 786 | 0 | _nÉtudes | 4335 | 3 | 2026-02-25 | p. 123-123 | |
| 856 | 4 | 1 | _uhttps://shs.cairn.info/revista-etudes-2026-3-page-123?lang=es&redirect-ssocas=7080 |
| 999 |
_c1808602 _d1808602 |
||